00818naa a2200241 a 450000100080000000500110000800800410001910000160006024501500007626000090022665000120023565300320024765300220027965300300030165300300033165300290036170000210039070000220041170000230043370000210045670000170047777300820049419735282014-02-18 2012 bl uuuu u00u1 u #d1 aIWAKIRI, S. aAvaliação da qualidade de painéis compensados de Pinus maximinoi, Pinus oocarpa e Pinus tecunumannii com diferentes composições estruturais. c2012 aplywood aLâminas de pinus tropicais aPainel compensado aPhenol-formaldehyde resin aResina fenol-formaldeído aVeneer of tropical pinus1 aMANHINÇA, A. A.1 aRAMIREZ, M. G. L.1 aMATOS, J. L. M. de1 aBONDUELLE, G. M.1 aPRATA, J. G. tCiência Florestal, Santa Maria, RSgv. 22, n. 2, p. 315-321, jul./set. 2012.